• 首页
  • 本馆介绍
  • 公告通知
  • 最新文献
  • 馆藏检索
  • 电子资源
  • 读者导购
  • 参考咨询
  • 我的图书馆
  • 登录
  • 详细信息显示
  • 放入我的书架
  • 预约/预借图书
  • 作者相关作品
  • 分类相关作品
  • 丛书相关作品
  • 出版社相关作品

书目信息

  • 表格格式
  • 工作单格式
  • 卡片格式
书名: Infants, children, and adolescents =
作者: Laura E. Berk
分册号:
分册名:
出版地: Beijng :
 
出版社: Peking University Press
出版时间: 2005, c2004.
页数: 1 v. (various pagings) :
开本: 26 cm.
丛书名: 培文书系
中图分类号:
科图分类号:
其他分类号: B844
主题词:
电子资源:
000 01319nam 2200385 a 4500
001 E0731746176
004 001164858
004 001164858
005 20070702085058.90
008 4001uueng0000000
008 4001uueng0000000
008 001 0 eng
010    @a2004044741
020    @a7301080476 :@cCNY72.00.
040    @aCcBjTSG @bchi
041    @aeng@bchi
050 00 @aRJ131 @b.B387 2004
082 00 @a305.231 @222
090    @aB844
099    @dB844@ex215
100 1  @aBerk, Laura E.
245 10 @aInfants, children, and adolescents = :@b婴儿,孩童,青春期 / @cLaura E. Berk
246 31 @a婴儿,孩童,青春期
246 1  @iChinese title: @a发展心理学
250    @a影印版.
260    @aBeijng :@bPeking University Press,@c2005, c2004.
300    @a1 v. (various pagings) :@bill. ;@c26 cm.
440  0 @a培文书系. @p心理学系列
504    @aIncludes bibliographical references and index.
534    @pReprint. Originally published: @cBoston : Pearson/Allyn and Bacon, 2004, @b5th ed. @z0205419283.
650  0 @aChild development.
650  0 @aInfants @xDevelopment.
650  0 @aAdolescence. @b01 @c20050505 @lNLC09 @h1111 @b40 @c20050525 @lNLC09 @h1611 @b40 @c20050530 @lNLC09 @h0857
852 0  @bWWDY @k2-2005 @hB844 @iB512
852 0  @bWWJC @cJ09 @k2-2005 @hB844 @iB512
    
    Infants, children, and adolescents = : : 婴儿,孩童,青春期 / / Laura E. Berk.-影印版.-Beijng : : Peking University Press, , 2005, c2004.
    1 v. (various pagings) : : ill. ; ; 26 cm.- (培文书系. 心理学系列 )
    Includes bibliographical references and index.
    
    ISBN 7301080476 :CNY72.00.
    
●
相关链接 在E读中查询图书 在五车中查询图书 在当当中查询图书 在豆瓣中查询图书


正题名:Infants, children, and adolescents =     索取号:B844/x215         预约/预借

序号 登录号 条形码 馆藏地/架位号 状态 备注
1 12373   300123738   第二样本阅览室/ [索取号:B844/x215] 在馆    
2 12374   300123747   第四借阅区/ [索取号:B844/x215] 在馆    
3 12375   300123756   第四借阅区/ [索取号:B844/x215] 在馆    
4 12376   300123765   第四借阅区/ [索取号:B844/x215] 在馆    
5 12377   300123774   第四借阅区/ [索取号:B844/x215] 在馆    
唐山师范学院图书馆 欢迎您!
大连网信软件有限公司© 版权所有